000 00248nam a2200109Ia 4500
008 190216s9999||||xx |||||||||||||| ||und||
100 _aKeylow.N
245 0 _aDiscriptive Geometry
260 _bMir Publishers
650 _aMathematics
942 _cBK
999 _c30667
_d30667